King Philip's war (Record no. 240)
[ view plain ]
| 000 -LEADER | |
|---|---|
| fixed length control field | 01665nam a2200337Ia 4500 |
| 100 1# - MAIN ENTRY--AUTHOR NAME | |
| Personal name | Ellis, George William, |
| 245 10 - TITLE STATEMENT | |
| Title | King Philip's war |
| 260 ## - PUBLICATION, DISTRIBUTION, ETC. (IMPRINT) | |
| Place of publication | Scituate, Mass. : |
| Name of publisher | Digital Scanning, |
| Year of publication | 2001. |
| 300 ## - PHYSICAL DESCRIPTION | |
| Number of Pages | xiii, [1] p., 326 p., 23 leaves of plates : |
| Other physical details | fold. map. |
| 490 1# - SERIES STATEMENT | |
| Series statement | The Grafton historical series |
| 500 ## - GENERAL NOTE | |
| General note | "The narrative and references are the work of Mr. George W. Ellis, while the biographical and local notes have been supplied by Mr. John E. Morris."--Pref. |
| General note | "As published in 1906." |
| General note | Originally published: King Philip's war :based on the archives and records of Massachusetts, Plymouth, Rhode Island and Connecticut, and contemporary letters and accounts, with biographical and topographical notes. New York : The Grafton Press, [c1906]. |
| 650 #0 - SUBJECT ADDED ENTRY--TOPICAL TERM | |
| Topical Term | King Philip's War, 1675-1676. |
| 700 1# - ADDED ENTRY--PERSONAL NAME | |
| Personal name | Morris, John Emery, |
| 856 40 - ELECTRONIC LOCATION AND ACCESS | |
| Uniform Resource Identifier | http://site.ebrary.com/lib/rucke/Doc?id=5003685 |
No items available.
